000 00252nam a2200121Ia 4500
100 _a#N/A
942 _cBK
654 _aIRIS
245 _aInitiative for Research and Innovation in science (IRIS)
260 _b#N/A
546 _aENGLISH
999 _c25477
_d25477